000 01387nam0a2200337 4500
001 RU\NLR\BIBL_A\011616501
005 20241115065219.0
021 _aRU
_b2017-102149
_97371
035 _a(RuMoRGB)009505274
035 _a(NLR Aleph) 011616501
090 _a10962149
_c10962149
100 _a20180201d2017 k y0rusy50 ca
101 0 _arus
102 _aRU
105 _ay zzzz||||1zy
200 1 _aПринцип евклидовой единственности в доказательстве бесконечности количества конгруэнтных чисел
_fПроскуряков М. Н.
210 _aМосква
_cРепро Галерея
_d2017
215 _a7, [1] с.
_d21
320 _aБиблиогр. в конце кн. (6 назв.)
606 _aИсчисление высказываний
_xТеория доказательств
_92080498
_3RU\NLR\AUTH\661256434
606 _aКонгруенция
_9931565
_3RU\NLR\AUTH\6624520
606 _aЕвклидова геометрия
_91382042
_3RU\NLR\AUTH\66266518
606 _aНатуральные числа
_92143811
_3RU\NLR\AUTH\661291814
686 1 _aВ140
686 1 _aВ123
686 1 _aВ181.221.31
700 1 _aПроскуряков
_bМ. Н.
_gМихаил Н.
942 _cBOOK
980 _aNBR